<?xml version="1.0" encoding="UTF-8"?>
<record
    xmlns:xsi="http://www.w3.org/2001/XMLSchema-instance"
    xsi:schemaLocation="http://www.loc.gov/MARC21/slim http://www.loc.gov/standards/marcxml/schema/MARC21slim.xsd"
    xmlns="http://www.loc.gov/MARC21/slim">

  <leader>03637cam a22004454a 4500</leader>
  <controlfield tag="001">14487835</controlfield>
  <controlfield tag="003">OSt</controlfield>
  <controlfield tag="005">20211105123647.0</controlfield>
  <controlfield tag="008">060808s2007    paua     b    001 0 eng  </controlfield>
  <datafield tag="010" ind1=" " ind2=" ">
    <subfield code="a">  2006025971</subfield>
  </datafield>
  <datafield tag="015" ind1=" " ind2=" ">
    <subfield code="a">GBA642967</subfield>
    <subfield code="2">bnb</subfield>
  </datafield>
  <datafield tag="016" ind1="7" ind2=" ">
    <subfield code="a">101284407</subfield>
    <subfield code="2">DNLM</subfield>
  </datafield>
  <datafield tag="016" ind1="7" ind2=" ">
    <subfield code="a">013455326</subfield>
    <subfield code="2">Uk</subfield>
  </datafield>
  <datafield tag="020" ind1=" " ind2=" ">
    <subfield code="a">9780781748025</subfield>
  </datafield>
  <datafield tag="020" ind1=" " ind2=" ">
    <subfield code="a">078174802X</subfield>
  </datafield>
  <datafield tag="035" ind1=" " ind2=" ">
    <subfield code="a">(OCoLC)ocm70874195</subfield>
  </datafield>
  <datafield tag="040" ind1=" " ind2=" ">
    <subfield code="a">DNLM/DLC</subfield>
    <subfield code="c">DLC</subfield>
    <subfield code="d">NLM</subfield>
    <subfield code="d">BAKER</subfield>
    <subfield code="d">C#P</subfield>
    <subfield code="d">YDXCP</subfield>
    <subfield code="d">UKM</subfield>
    <subfield code="d">DLC</subfield>
  </datafield>
  <datafield tag="042" ind1=" " ind2=" ">
    <subfield code="a">pcc</subfield>
  </datafield>
  <datafield tag="050" ind1="0" ind2="0">
    <subfield code="a">RC86.7.M36</subfield>
  </datafield>
  <datafield tag="060" ind1="0" ind2="0">
    <subfield code="a">2006 M-146</subfield>
  </datafield>
  <datafield tag="060" ind1="1" ind2="0">
    <subfield code="a">WX 218</subfield>
    <subfield code="b">M3395i 2007</subfield>
  </datafield>
  <datafield tag="082" ind1="0" ind2="0">
    <subfield code="a">616/.028</subfield>
    <subfield code="2">22</subfield>
  </datafield>
  <datafield tag="100" ind1="1" ind2=" ">
    <subfield code="a">Marino, Paul L.</subfield>
  </datafield>
  <datafield tag="245" ind1="1" ind2="4">
    <subfield code="a">The ICU book. /</subfield>
    <subfield code="c">Paul L. Marino ; with contributions from Kenneth M. Sutin ; illustrations by Patricia Gast.</subfield>
  </datafield>
  <datafield tag="250" ind1=" " ind2=" ">
    <subfield code="a">3rd ed.</subfield>
  </datafield>
  <datafield tag="260" ind1=" " ind2=" ">
    <subfield code="a">Philadelphia:</subfield>
    <subfield code="b">Lippincott Williams &amp; Wilkins,</subfield>
    <subfield code="c">2007.</subfield>
  </datafield>
  <datafield tag="300" ind1=" " ind2=" ">
    <subfield code="a">xvii, 1065 p. :</subfield>
    <subfield code="b">ill. ;</subfield>
    <subfield code="c">23 cm.</subfield>
  </datafield>
  <datafield tag="504" ind1=" " ind2=" ">
    <subfield code="a">Includes bibliographical references and index.</subfield>
  </datafield>
  <datafield tag="505" ind1=" " ind2=" ">
    <subfield code="a">Contents: 1. Basic science review: Circulatory blood flow -- Oxygen and carbon dioxide transport -- 2. Infection control in the ICU -- Alimentary prophylaxis -- Venous thromboembolism -- 3. Vascular access: Establishing venous access -- The indwelling vascular catheter -- 4. Hemodynamic monitoring: Arterial blood pressure -- The pulmonary artery catheter -- Central venous pressure and wedge pressure -- Tissue oxygenation -- 5. Disorders of circulatory flow: Hemorrhage and hypovolemia -- Colloid and crystalloid resuscitation -- Acute heart failure syndromes -- Cardiac arrest -- Hemodynamic drug infusions -- 6. Critical care cardiology: Early management of acute coronary syndromes -- Tachyarrhythmias -- 7. Acute respiratory failure: Hypoxemia and hypercapnia -- Oximetry and capnography -- Oxygen inhalation therapy -- Acute respiratory distress syndrome -- Severe airflow obstruction -- 8. Mechanical ventilation: Principles of mechanical ventilation -- Modes of assisted ventilation -- The ventilator-dependent patient -- Discontinuing mechanical ventilation -- 9. Acid-base disorders: Acid-base interpretations -- Organic acidoses --Metabolic alkalosis -- 10. Renal and electrolyte disorders: Oliguria and acute renal failure -- Hypertonic and hypotonic conditions -- Potassium -- Magnesium -- Calcium and Phosphorus -- 11. Transfusion practices in critical care: Anemia and red blood cell transfusions in the ICU -- Platelets in critical illness -- 12. Disorders of body temperature: Hyperthermia and Hypothermia syndromes -- Fever in the ICU -- 13. Inflammation and infection in the ICU: Infection, inflammation, and multiorgan injury -- Pneumonia in the ICU -- Sepsis from the abdomen and pelvis -- The immunocompromised patient -- Antimicrobial therapy -- 14. Nutrition and metabolism: Metabolic substrate requirements -- Enteral tube feeding -- Parenteral nutrition -- Adrenal and thyroid dysfunction -- 15. Critical care neurology: Analgesia and sedation -- Disorders of mentation -- Disorders of movement -- Stroke and related disorders -- 16. Toxic ingestions: Pharmaceutical toxins &amp; antidotes --</subfield>
  </datafield>
  <datafield tag="650" ind1=" " ind2="0">
    <subfield code="a">Critical care medicine.</subfield>
  </datafield>
  <datafield tag="650" ind1=" " ind2="0">
    <subfield code="a">Intensive care units.</subfield>
  </datafield>
  <datafield tag="650" ind1="1" ind2="2">
    <subfield code="a">Critical Care.</subfield>
  </datafield>
  <datafield tag="650" ind1="2" ind2="2">
    <subfield code="a">Intensive Care Units.</subfield>
  </datafield>
  <datafield tag="700" ind1="1" ind2=" ">
    <subfield code="a">Sutin, Kenneth M.</subfield>
  </datafield>
  <datafield tag="856" ind1="4" ind2="1">
    <subfield code="3">Table of contents only</subfield>
    <subfield code="u">http://www.loc.gov/catdir/toc/ecip0618/2006025971.html</subfield>
  </datafield>
  <datafield tag="856" ind1="4" ind2="2">
    <subfield code="3">Publisher description</subfield>
    <subfield code="u">http://www.loc.gov/catdir/enhancements/fy0712/2006025971-d.html</subfield>
  </datafield>
  <datafield tag="906" ind1=" " ind2=" ">
    <subfield code="a">7</subfield>
    <subfield code="b">cbc</subfield>
    <subfield code="c">orignew</subfield>
    <subfield code="d">1</subfield>
    <subfield code="e">ecip</subfield>
    <subfield code="f">20</subfield>
    <subfield code="g">y-gencatlg</subfield>
  </datafield>
  <datafield tag="942" ind1=" " ind2=" ">
    <subfield code="2">lcc</subfield>
    <subfield code="c">BK</subfield>
  </datafield>
  <datafield tag="999" ind1=" " ind2=" ">
    <subfield code="c">7929</subfield>
    <subfield code="d">15429</subfield>
  </datafield>
  <datafield tag="952" ind1=" " ind2=" ">
    <subfield code="0">0</subfield>
    <subfield code="1">0</subfield>
    <subfield code="2">lcc</subfield>
    <subfield code="4">0</subfield>
    <subfield code="7">0</subfield>
    <subfield code="a">WIUC-KL</subfield>
    <subfield code="b">WIUC-KL</subfield>
    <subfield code="c">NURS L.</subfield>
    <subfield code="d">2019-08-08</subfield>
    <subfield code="l">0</subfield>
    <subfield code="o">RC86.7.M36(3e)</subfield>
    <subfield code="p">KSN/457/19</subfield>
    <subfield code="r">2021-11-05 00:00:00</subfield>
    <subfield code="w">2021-11-05</subfield>
    <subfield code="y">BK</subfield>
  </datafield>
</record>
